| 000 | 00855cam a2200193 i 4500 | ||
|---|---|---|---|
| 005 | 20260203085601.0 | ||
| 008 | 250721s1982 xx gr 000 0 ara d | ||
| 082 | 1 | 4 |
_a371.920956 _bم ح م |
| 100 | 1 |
_aالراجحي، محمد _eمعد. |
|
| 245 | 1 | 0 |
_aدراسة حول تربية المعوقين في البلاد العربية / _cإعداد الاستاذ محمد الراجحي، الدكتور عبد الرزاف عمار. |
| 264 | 3 | 1 |
_aتونس : _bالمنظمة العربية للتربية والثقافة والعلوم - أدارة البحوث التربوية، _c1982. |
| 300 | _a255 صفحة. | ||
| 650 | 1 | 7 | _aالتعليم الخاص. |
| 650 | 1 | 7 | _aالبلدان العربية. |
| 650 | 1 | 7 | _aالمعوقون. |
| 700 | 1 |
_aعمار، عبد الرزاق _eمعد. |
|
| 942 |
_2ddc _cBK |
||
| 999 |
_c16365 _d16365 |
||